000 00688nam0a22002531 4500
001 RU\NLR\INFOCOMM6\ROSSICA\1000352124
005 20250613191909.0
035 _a(NLR Aleph) 009943091
090 _a10767230
_c10767230
100 _a20030606d1840 |||y0rusy50 ca
101 0 _ager
102 _aRU
105 _ay ||||000ay
200 1 _aNotizen über den Zustand der Landwirthschaft in der Nähe von St.Petersburg
_fE.G. Neumann
210 _aSt.Petersburg
_d1840
215 _d
700 1 _aNeumann
_bE.G.
_4070
801 1 _aRU
_bInfoComm
_c20030606
801 0 _aRU
_bNLR
_gPSBO
852 _aNLR
_j13.6.2.146
942 _cBOOK
980 _aNB
980 _aRossica